DEGEM Technological Training Systems Experiments in Modern Communication (Record no. 234976)
[ view plain ]
| 000 -LEADER | |
|---|---|
| fixed length control field | nam a22 7a 4500 |
| 003 - CONTROL NUMBER IDENTIFIER | |
| control field | Nust |
| 005 - DATE AND TIME OF LATEST TRANSACTION | |
| control field | 20170515174502.0 |
| 008 - FIXED-LENGTH DATA ELEMENTS--GENERAL INFORMATION | |
| fixed length control field | 170404b xxu||||| |||| 00| 0 eng d |
| 040 ## - CATALOGING SOURCE | |
| Original cataloging agency | DLC |
| Language of cataloging | DLC |
| Transcribing agency | RCMS |
| 082 ## - DEWEY DECIMAL CLASSIFICATION NUMBER | |
| Classification number | 621.38 DEG |
| 100 ## - MAIN ENTRY--PERSONAL NAME | |
| Personal name | DEGEM SYSTEMS |
| 9 (RLIN) | 234 |
| 245 ## - TITLE STATEMENT | |
| Title | DEGEM Technological Training Systems Experiments in Modern Communication |
| Statement of responsibility, etc. | Course COM - 5 Phase Lock Loops & Frequency Synthesizers |
| 260 ## - PUBLICATION, DISTRIBUTION, ETC. | |
| Place of publication, distribution, etc. | USA |
| Name of publisher, distributor, etc. | DEGEM SYSTEMS |
| Date of publication, distribution, etc. | c1982 |
| 300 ## - PHYSICAL DESCRIPTION | |
| Extent | 161,p: |
| Other physical details | ill: |
| Dimensions | 27,cm. |
| 538 ## - SYSTEM DETAILS NOTE | |
| Display text | Shelf # 15, Row # 6, Communication. |
| 650 ## - SUBJECT ADDED ENTRY--TOPICAL TERM | |
| Topical term or geographic name entry element | Modern Communication |
| 9 (RLIN) | 243 |
| 856 ## - ELECTRONIC LOCATION AND ACCESS | |
| Materials specified | Table of Content Only |
| 942 ## - ADDED ENTRY ELEMENTS (KOHA) | |
| Source of classification or shelving scheme | |
| Koha item type | Book |
| Withdrawn status | Lost status | Source of classification or shelving scheme | Damaged status | Not for loan | Permanent Location | Current Location | Shelving location | Date acquired | Total Checkouts | Full call number | Barcode | Date last seen | Price effective from | Koha item type |
|---|---|---|---|---|---|---|---|---|---|---|---|---|---|---|
| Write Off | School of Interdisciplinary Engineering and Sciences (SINES) | School of Interdisciplinary Engineering and Sciences (SINES) | Write Off | 04/04/2017 | 621.38 DEG | RCMS002754 | 04/04/2017 | 04/04/2017 | Book | |||||
| Write Off | School of Interdisciplinary Engineering and Sciences (SINES) | School of Interdisciplinary Engineering and Sciences (SINES) | Write Off | 09/24/2019 | 621.38 DEG | RCMS002755-D | 09/24/2019 | 09/24/2019 | Book |
